Statistics for Premier and English Football League teams: biggest grounds

Click here to take the quiz!

General Stats

  • This quiz has been taken 187 times
  • The average score is 11 of 15

Answer Stats

CapacityAnswer% Correct
75,653  Manchester United
100%
60,260  Arsenal
98%
55,097  Manchester City
98%
41,798  Chelsea
94%
54,074 Liverpool
94%
52,338  Newcastle United
93%
39,571 Everton
90%
42,660  Aston Villa
81%
57,000  West Ham United
80%
48,707  Sunderland
77%
37,890  Leeds United
73%
39,732  Sheffield Wednesday
46%
34,988  Middlesbrough
43%
33,597  Derby County
30%
33,280 Cardiff City
26%

Score Distribution

Percentile by Number Answered

Percent of People with Each Score

Your Score History

You have not taken this quiz